| 000 | 00615nam a22002177a 4500 | ||
|---|---|---|---|
| 999 |
_c8305 _d8305 |
||
| 003 | AR-CdUCM | ||
| 008 | 190322b ||||| |||| 00| 0 spa d | ||
| 040 |
_aMUNICIPALIDAD PROVINCIAL DEL CUSCO _cBIBLIOTECA MUNICIPAL DEL CUSCO |
||
| 082 |
_a869.56 / _bC94 |
||
| 100 |
_aCuba Macedo, Francisco _923341 |
||
| 245 | _aPerlas y abrojos / | ||
| 260 |
_aCusco : _bEdiciones Orientación, _c1971. |
||
| 300 |
_a62 paginas ; _c22 cm. |
||
| 500 | _aPoesias | ||
| 650 |
_aPoesia cusqueña _92323 |
||
| 650 |
_aLiteratura _983 |
||
| 650 |
_aPeru _9429 |
||
| 650 |
_aPoemario _91041 |
||
| 942 |
_2ddc _cLIBROS |
||
| 945 | _apjha | ||